The politics. (Record no. 232847)
[ view plain ]
| 000 -LEADER | |
|---|---|
| fixed length control field | 00873cam a22002891 4500 |
| 001 - CONTROL NUMBER | |
| control field | 7039462 |
| 003 - CONTROL NUMBER IDENTIFIER | |
| control field | Nust |
| 005 - DATE AND TIME OF LATEST TRANSACTION | |
| control field | 20170223163317.0 |
| 008 - FIXED-LENGTH DATA ELEMENTS--GENERAL INFORMATION | |
| fixed length control field | 720526s1962 mdu 000 0 eng |
| 010 ## - LIBRARY OF CONGRESS CONTROL NUMBER | |
| LC control number | 63002004 |
| 015 ## - NATIONAL BIBLIOGRAPHY NUMBER | |
| National bibliography number | GB62-13861 |
| 020 ## - INTERNATIONAL STANDARD BOOK NUMBER | |
| International Standard Book Number | 9780140444216 |
| 035 ## - SYSTEM CONTROL NUMBER | |
| System control number | (OCoLC)319197 |
| 040 ## - CATALOGING SOURCE | |
| Original cataloging agency | DLC |
| Transcribing agency | OAU |
| Modifying agency | OCoLC |
| -- | Uk |
| -- | DLC |
| 041 1# - LANGUAGE CODE | |
| Language code of text/sound track or separate title | eng |
| Language code of original | und |
| 042 ## - AUTHENTICATION CODE | |
| Authentication code | premarc |
| 050 00 - LIBRARY OF CONGRESS CALL NUMBER | |
| Classification number | JC71.A41 |
| Item number | S5 |
| 082 ## - DEWEY DECIMAL CLASSIFICATION NUMBER | |
| Classification number | 320.1 |
| Author Mark | ARI |
| 100 0# - MAIN ENTRY--PERSONAL NAME | |
| Personal name | Aristotle. |
| 245 04 - TITLE STATEMENT | |
| Title | The politics. |
| Statement of responsibility, etc. | Translated with an introd. by T.A. Sinclair. |
| 260 ## - PUBLICATION, DISTRIBUTION, ETC. | |
| Place of publication, distribution, etc. | Baltimore, |
| Name of publisher, distributor, etc. | Penguin Books |
| Date of publication, distribution, etc. | 1962 |
| 300 ## - PHYSICAL DESCRIPTION | |
| Extent | 508 p. |
| Dimensions | 18 cm. |
| 440 #4 - SERIES STATEMENT/ADDED ENTRY--TITLE | |
| Title | The Penguin classics |
| 650 #0 - SUBJECT ADDED ENTRY--TOPICAL TERM | |
| Topical term or geographic name entry element | Political science. |
| 700 1# - ADDED ENTRY--PERSONAL NAME | |
| Personal name | Sinclair, T. A. |
| Fuller form of name | (Thomas Alan), |
| Dates associated with a name | 1899-1961, |
| Relator term | ed. and tr. |
| 906 ## - LOCAL DATA ELEMENT F, LDF (RLIN) | |
| a | 7 |
| b | cbc |
| c | oclcrpl |
| d | u |
| e | ncip |
| f | 19 |
| g | y-gencatlg |
| 942 ## - ADDED ENTRY ELEMENTS (KOHA) | |
| Source of classification or shelving scheme | |
| Koha item type | Book |
| Withdrawn status | Lost status | Source of classification or shelving scheme | Damaged status | Not for loan | Collection code | Permanent Location | Current Location | Shelving location | Date acquired | Total Checkouts | Total Renewals | Full call number | Barcode | Date last seen | Date last checked out | Copy number | Price effective from | Koha item type |
|---|---|---|---|---|---|---|---|---|---|---|---|---|---|---|---|---|---|---|
| Central Library (CL) | Central Library (CL) | Book Cart | 02/23/2017 | 5 | 5 | 320.1 ARI | CL2990 | 05/07/2026 | 06/04/2025 | 1 | 02/23/2017 | Book |
